The politics of domestic consumption : critical readings

Αποθηκεύτηκε σε:
Λεπτομέρειες βιβλιογραφικής εγγραφής
Άλλοι συγγραφείς: Moores, Shaun (Επιμελητής έκδοσης), Jackson, Stevi (Επιμελητής έκδοσης)
Μορφή: Βιβλίο
Γλώσσα:English
Δημοσίευση: London : Prentice Hall/Harvester Wheatsheaf, c1995
Θέματα:
Ετικέτες: Προσθήκη ετικέτας
Δεν υπάρχουν, Καταχωρήστε ετικέτα πρώτοι!

MARC

LEADER 00000nam a2200000 i 4500
001 1/70464
008 990225s1995 eng d
020 |a 0-13-433343-8 
035 |l 10048107 
040 |a GR-MY-UA  |b gre  |e aacr 
041 0 |a eng 
082 0 |a 339.47 
245 1 4 |a The politics of domestic consumption :  |b critical readings /  |c edited by Stevi Jackson and Shaun Moores 
260 |a London :   |b Prentice Hall/Harvester Wheatsheaf,   |c c1995 
300 |a 351 p. 
504 |a Includes bibliographical references and index 
650 0 0 |a Consumption (Economics) 
650 0 0 |a Households. 
650 0 0 |a Family. 
700 1 |a Moores, Shaun.  |4 edt 
700 1 |a Jackson, Stevi.  |4 edt 
852 |a INST  |b LESVOS  |e 19990225  |h 339.47 REA  |p 005100016870  |q 005100016870  |t BK  |y 0 
901 |a BIBL-1999-1 
909 |a Λ  |b 061245 
922 |a 1ΕΛΗ  |b 199811  |c ΚΠΣ/ΤΚ  |d ΠΑΠΑΣΩΤΗΡΙΟΥ 
950 |a 103-1998-07-27